[Event "2nd Karpov Playoff 2"]
[Site "Cap d'Agde FRA"]
[Date "2013.10.31"]
[Round "1"]
[White "Ivanchuk,V"]
[Black "Muzychuk,M"]
[Result "1/2-1/2"]
[WhiteElo "2733"]
[BlackElo "2491"]

1.c4 c5 2.g3 Nc6 3.Bg2 g6 4.e3 Bg7 5.Ne2 e5 6.Nbc3 Nge7 7.a3 O-O 8.Rb1 a5
9.d3 d6 10.O-O Be6 11.Nd5 Rb8 12.Nec3 f5 13.Bd2 Bf7 14.b4 axb4 15.axb4 Nxd5
16.Nxd5 cxb4 17.Nxb4 Nxb4 18.Rxb4 d5 19.c5 Qc7 20.d4 b6 21.Rxb6 Rxb6 22.Ba5 Qc6
23.Bxb6 exd4 24.exd4 Ra8 25.Qd2 Ra4 26.Rd1 Bxd4 27.Qxd4 Rxd4 28.Rxd4 Kg7
29.h4 Kf6 30.Rd2 h6 31.f4 Qb5 32.Kh2 Qc4 33.Bd8+ Kg7 34.Bb6 Kf6 35.Bd8+ Kg7
36.Bb6 Qc3 37.Rxd5 Bxd5 38.Bxd5 Qb2+ 39.Bg2 Qb5 40.Ba7 Qa5 41.Bb6 Qb5 42.Ba7 Qa5
43.Bb6 Qb5  1/2-1/2

[Event "2nd Karpov Playoff 2"]
[Site "Cap d'Agde FRA"]
[Date "2013.10.31"]
[Round "2"]
[White "Muzychuk,M"]
[Black "Ivanchuk,V"]
[Result "0-1"]
[WhiteElo "2491"]
[BlackElo "2733"]

1.e4 c5 2.Nf3 e6 3.c4 Nc6 4.d4 cxd4 5.Nxd4 Nf6 6.Nc3 Bb4 7.Nxc6 dxc6 8.Qxd8+ Kxd8
9.e5 Ne4 10.a3 Bxc3+ 11.bxc3 b6 12.h4 Ba6 13.Rh3 Kc7 14.Be3 Nxc3 15.Bd3 Rad8
16.Bc2 Bxc4 17.Bg5 Nb5 18.Bxd8+ Rxd8 19.Bxh7 g6 20.h5 gxh5 21.Rxh5 Nd4 22.Be4 Bd5
23.Bd3 Bxg2 24.Rh7 Nf3+ 25.Ke2 Nxe5 26.Bc2 Rd4 27.Ke3 Rc4 28.Bd3 Rc3 29.Kd4 Rxd3+
30.Kxe5 Rd5+ 31.Kf6 Rf5+ 32.Ke7 Rxf2 33.Rd1 Bd5 34.Rg1 c5 35.Rg8 e5 36.Rhh8 Kb7
37.Kd6 Be6 38.Rb8+ Ka6 39.Kxe5 Rf3 40.a4 Ra3 41.Rh4 c4 42.Kd6 Rxa4 43.Kc6 Ra5
44.Rd8 Rc5+ 45.Kd6 Rd5+  0-1

[Event "2nd Karpov Playoff"]
[Site "Cap d'Agde FRA"]
[Date "2013.10.31"]
[Round "3"]
[White "Ivanchuk,V"]
[Black "Pelletier,Y"]
[Result "1-0"]
[WhiteElo "2733"]
[BlackElo "2578"]

1.e4 e6 2.d4 d5 3.Nc3 dxe4 4.Nxe4 Nd7 5.Nf3 Ngf6 6.Nxf6+ Nxf6 7.Be3 Bd6 8.Bd3 O-O
9.Qe2 b6 10.O-O-O Bb7 11.Bg5 h6 12.Bh4 Be7 13.Kb1 Nd5 14.Bg3 Nb4 15.Bc4 Bd5
16.Rhe1 b5 17.Bxb5 Bxa2+ 18.Kc1 c6 19.Bc4 Qa5 20.Ne5 Bg5+ 21.f4 Bf6 22.c3 Bxc4
23.Nxc4 Qa1+ 24.Kd2 Qa2 25.cxb4 Rad8 26.Ke3 Qb3+ 27.Kf2 Bxd4+ 28.Kf1 Qxb4
29.Bf2 c5 30.g3 Rd5 31.Bxd4 cxd4 32.Ne5 Rc8 33.Nxf7 Rc6 34.Ne5 Rb6 35.Rc1 d3
36.Nxd3 Qd4 37.Rc3 a5 38.Qe4  1-0

[Event "2nd Karpov Playoff"]
[Site "Cap d'Agde FRA"]
[Date "2013.10.31"]
[Round "4"]
[White "Ivanchuk,V"]
[Black "Muzychuk,M"]
[Result "1-0"]
[WhiteElo "2733"]
[BlackElo "2491"]

1.c4 c5 2.Nf3 Nc6 3.d4 cxd4 4.Nxd4 Nf6 5.g3 e5 6.Nb5 Bb4+ 7.N1c3 d6 8.a3 Bxc3+
9.Nxc3 Be6 10.e4 O-O 11.h3 Rc8 12.Be3 b6 13.Rc1 Qe7 14.b3 Nd7 15.Bg2 Nc5
16.b4 Nb7 17.Nd5 Bxd5 18.cxd5 Nb8 19.O-O Qd7 20.Qg4 Qxg4 21.hxg4 f6 22.g5 fxg5
23.Bh3 Rxc1 24.Rxc1 Nd8 25.Rc7 a5 26.Bxb6 axb4 27.axb4 Na6 28.Rc4 Nb7 29.Be6+ Kh8
30.Rc8 Rxc8 31.Bxc8  1-0

[Event "2nd Karpov Playoff"]
[Site "Cap d'Agde FRA"]
[Date "2013.10.31"]
[Round "6"]
[White "Pelletier,Y"]
[Black "Ivanchuk,V"]
[Result "0-1"]
[WhiteElo "2578"]
[BlackElo "2733"]

1.Nf3 d6 2.d4 g6 3.c4 Bg7 4.Nc3 e5 5.e4 exd4 6.Nxd4 Ne7 7.Be2 O-O 8.O-O Nbc6
9.Nxc6 bxc6 10.Be3 c5 11.Qd2 Nc6 12.b3 Nd4 13.Bd3 a5 14.Rae1 Re8 15.Ne2 Nxe2+
16.Rxe2 a4 17.b4 cxb4 18.Qxb4 c5 19.Qd2 Rb8 20.Rd1 Rb2 21.Qc1 a3 22.Red2 Bb7
23.Bb1 Re6 24.Bf4 Bd4 25.Rxd4 cxd4 26.Rxd4 Qb6  0-1

[Event "2nd Karpov Trophy KO"]
[Site "Cap d'Agde FRA"]
[Date "2013.11.01"]
[Round "1.1"]
[White "Bacrot,E"]
[Black "Ivanchuk,V"]
[Result "1-0"]
[WhiteElo "2730"]
[BlackElo "2733"]

1.d4 d5 2.c4 c6 3.Nf3 Nf6 4.Nc3 a6 5.e3 b5 6.b3 Bf5 7.Bd3 Bxd3 8.Qxd3 e6
9.O-O Be7 10.e4 dxe4 11.Nxe4 Nbd7 12.Bf4 O-O 13.Rfd1 Qa5 14.Nxf6+ Bxf6 15.Bd6 Rfd8
16.c5 Nf8 17.Ne5 Bxe5 18.dxe5 Ng6 19.Qe4 Rac8 20.h4 Rd7 21.h5 Ne7 22.h6 gxh6
23.Bxe7 Rxe7 24.Rd3 Qc7 25.Rad1 Rf8 26.Rg3+ Kh8 27.Rd6 f6 28.exf6 Rxf6 29.Qd4  1-0

[Event "World Teams 2013"]
[Site "Antalya TUR"]
[Date "2013.12.05"]
[Round "9.2"]
[White "Aronian,L"]
[Black "Ivanchuk,V"]
[Result "1/2-1/2"]
[WhiteElo "2801"]
[BlackElo "2731"]

1.d4 Nf6 2.c4 g6 3.Nc3 Bg7 4.e4 d6 5.Be2 O-O 6.Bg5 Na6 7.Nf3 h6 8.Be3 e5
9.O-O c6 10.dxe5 dxe5 11.Nxe5 Nxe4 12.Nxe4 Bxe5 13.c5 Nc7 14.Nd6 Nd5 15.Bd4 Bxd6
16.cxd6 Qxd6 17.Be3 h5 18.Bf3 Bg4 19.Qd4 Rfd8 20.Bxd5 Qxd5 21.Qa4 c5 22.b3 b6
23.Rfe1 Re8 24.f3 Bd7 25.Qa6 Bc6 26.Rad1 Qe5 27.Qa3 a5 28.Qc1 Rad8 29.Bf2 Rxd1
30.Qxd1 Qf6  1/2-1/2

[Event "Gibraltar Masters 2014"]
[Site "Caleta ENG"]
[Date "2014.01.29"]
[Round "2.3"]
[White "Ivanchuk,V"]
[Black "Larino Nieto,D"]
[Result "1/2-1/2"]
[WhiteElo "2739"]
[BlackElo "2465"]

1.e4 c6 2.c4 d5 3.exd5 cxd5 4.cxd5 Nf6 5.Nc3 Nxd5 6.Nf3 Nc6 7.d4 Bg4 8.Qb3 Bxf3
9.gxf3 e6 10.Qxb7 Nxd4 11.Bb5+ Nxb5 12.Qc6+ Ke7 13.Qxb5 Qd7 14.Nxd5+ Qxd5
15.Qxd5 exd5 16.O-O Rd8 17.Rd1 d4 18.Bf4 Ke6 19.Rac1 g5 20.Be3 Bg7 21.Bxg5 Rd5
22.Bd2 Rg8 23.Kf1 Be5 24.h3 Bh2 25.Re1+ Kf5 26.Ke2 d3+ 27.Kd1 Rg2 28.Rf1 Be5
29.Rc4 Bd4 30.Be3 Bxe3 31.fxe3 Rb5 32.b4 Rxa2 33.Rg1 Ra1+ 34.Rc1 Rxc1+ 35.Kxc1 Rxb4
36.Rg7 Rh4 37.Rxf7+ Kg6 38.Rf8 Kg7 39.Rf5 Kg6 40.e4 Rxh3 41.Kd2 Rh5 42.Rf8 Ra5
43.Kxd3 Kg7 44.Rc8 Ra3+ 45.Ke2 h5 46.Kf2 h4 47.Kg2 h3+ 48.Kxh3  1/2-1/2

[Event "Gibraltar Masters 2014"]
[Site "Caleta ENG"]
[Date "2014.01.30"]
[Round "3.20"]
[White "Pogonina,N"]
[Black "Ivanchuk,V"]
[Result "0-1"]
[WhiteElo "2495"]
[BlackElo "2739"]

1.e4 c5 2.Nf3 d6 3.d4 cxd4 4.Nxd4 Nf6 5.Nc3 a6 6.Be2 e6 7.O-O Be7 8.f4 O-O
9.Be3 Qc7 10.a4 Nc6 11.Kh1 Re8 12.Qd2 Bd7 13.Nf3 Rad8 14.Bd3 Bc8 15.Qe2 Nd7
16.f5 Nf6 17.a5 Nxa5 18.Na4 Nc6 19.Bb6 Qb8 20.Nc3 exf5 21.Qf2 Rd7 22.Nh4 Bd8
23.Nxf5 Bxb6 24.Qxb6 Qa7 25.Na4 Rdd8 26.Nh6+ Kf8 27.Qb3 Be6 28.Qc3 Qd4 29.Qxd4 Nxd4
30.Nb6 Nc6 31.Nf5 Bxf5 32.exf5 d5 33.Na4 Nd7 34.Kg1 d4 35.b3 Nb4 36.Rad1 Rc8
37.Rf4 Nxd3 38.cxd3 b5 39.Rxd4 bxa4 40.Rxd7 axb3 41.Rb1 Rc2 42.Rb7 Ree2 43.R7xb3 Rxg2+
44.Kf1 Rxh2 45.Kg1 Rhg2+ 46.Kh1 Rgf2 47.Rb8+ Ke7 48.Rg8 Rh2+ 49.Kg1 Rhg2+
50.Kh1 Kf6 51.Rb6+ Kxf5 52.Rxa6 Rh2+ 53.Kg1 Rhd2 54.Ra1 Kg6 55.Kh1 Rh2+ 56.Kg1 h5
57.Rh8 f6 58.d4 Rhd2  0-1

[Event "Gibraltar Masters 2014"]
[Site "Caleta ENG"]
[Date "2014.02.01"]
[Round "5.3"]
[White "Movsesian,S"]
[Black "Ivanchuk,V"]
[Result "0-1"]
[WhiteElo "2677"]
[BlackElo "2739"]

1.e4 c5 2.Nf3 d6 3.d4 cxd4 4.Nxd4 Nf6 5.Nc3 a6 6.Be3 Ng4 7.Bc1 Nf6 8.Be3 e5
9.Nf3 Qc7 10.a4 Be7 11.Be2 b6 12.Nd2 Bb7 13.Nc4 Nbd7 14.f3 O-O 15.O-O Rfd8
16.Bf2 g6 17.Ne3 Nc5 18.Bc4 Ne6 19.Ncd5 Nxd5 20.Nxd5 Bxd5 21.Bxd5 Rab8 22.g3 Qd7
23.Qe2 Nc7 24.Bb3 Kg7 25.Rad1 a5 26.f4 exf4 27.gxf4 b5 28.axb5 Qxb5 29.Bc4 Qc6
30.Bd4+ f6 31.b3 a4 32.h4 axb3 33.cxb3 Re8 34.Qg2 Bd8 35.Rfe1 Ne6 36.Bxe6 Rxe6
37.f5 Re8 38.Rd3 Bb6 39.Bxb6 Rxb6 40.Rg3 d5 41.Rxg6+ Kh8 42.Rg3 dxe4 43.Kh1 Qb7
44.Qf3 Rbe6 45.Qe3 Re5 46.Rf1 Qf7 47.Kh2 Rd5 48.Qh6 Rd3 49.Rfg1 Rxg3 50.Rxg3 Qe7
51.Qf4 e3 52.Rg1 e2 53.Re1 Qd7 54.Qf3 Qd2 55.Qg3 Qd4  0-1

[Event "Gibraltar Masters 2014"]
[Site "Caleta ENG"]
[Date "2014.02.03"]
[Round "7.1"]
[White "Adams,Mi"]
[Black "Ivanchuk,V"]
[Result "1/2-1/2"]
[WhiteElo "2754"]
[BlackElo "2739"]

1.e4 e5 2.Nf3 Nf6 3.Nxe5 d6 4.Nf3 Nxe4 5.d4 d5 6.Bd3 Nc6 7.O-O Be7 8.Nc3 Bf5
9.Re1 Nxc3 10.bxc3 Bxd3 11.Qxd3 O-O 12.Re2 a6 13.Bf4 Bd6 14.Bxd6 Qxd6 15.Rae1 Rad8
16.h4 Qg6 17.Qd2 Qf5 18.Re3 Rd6 19.Qe2 h6 20.Nh2 Nd8 21.Re5 Qd7 22.Ng4 Re6
23.Rxe6 Nxe6 24.Qf3 Qd6 25.Ne3 Rd8 26.g3 c6 27.Nf5 Qf8 28.Qg4 Kh7 29.h5 Re8
30.Re5 Ng5 31.Nd6 Rb8 32.Nf5 Re8 33.Nd6 Rb8 34.Nf5 Re8 35.Nd6  1/2-1/2

[Event "Gibraltar Masters TB 2014"]
[Site "Caleta ENG"]
[Date "2014.02.06"]
[Round "1.2"]
[White "Vitiugov,N"]
[Black "Ivanchuk,V"]
[Result "1/2-1/2"]
[WhiteElo "2737"]
[BlackElo "2739"]

1.d4 d5 2.c4 dxc4 3.Nf3 Nf6 4.e3 e6 5.Bxc4 c5 6.O-O a6 7.dxc5 Qxd1 8.Rxd1 Bxc5
9.Be2 Nbd7 10.Nd4 O-O 11.Nb3 Be7 12.N1d2 b6 13.Nc4 a5 14.Bf3 Ra7 15.Nd4 Rc7
16.b3 Ba6 17.Nc6 Bc5 18.N6e5 Nxe5 19.Nxe5 Bb7 20.Bxb7 Rxb7 21.Bb2 Nd5 22.Nd3 Be7
23.Rac1 f6 24.a3 Kf7 25.e4 Nc7 26.Kf1 Na6 27.a4 Nc5 28.Nxc5 bxc5 29.Ba3 Rxb3
30.Bxc5 Bxc5 31.Rxc5 Rb4 32.Rxa5 Rxe4 33.Ra7+ Kg6 34.Rd3 Rb8 35.Rg3+ Kf5
36.Rf3+ Kg6 37.Rg3+  1/2-1/2

[Event "Gibraltar Masters TB 2014"]
[Site "Caleta ENG"]
[Date "2014.02.06"]
[Round "1.3"]
[White "Vitiugov,N"]
[Black "Ivanchuk,V"]
[Result "1-0"]
[WhiteElo "2737"]
[BlackElo "2739"]

1.d4 d5 2.c4 dxc4 3.Nf3 Nf6 4.e3 e6 5.Bxc4 c5 6.O-O Nc6 7.Qe2 a6 8.Rd1 b5
9.Bb3 c4 10.Bc2 Nb4 11.e4 Bb7 12.d5 Nxc2 13.dxe6 Nxa1 14.Rxd8+ Rxd8 15.exf7+ Kxf7
16.Ng5+ Kg8 17.e5 Ne4 18.Ne6 Re8 19.Nxf8 Kxf8 20.f3 Nc5 21.Be3 Nd3 22.Bd4 Rd8
23.Bb6 Rd5 24.f4 Kf7 25.Nc3 h5 26.e6+ Ke7 27.Nxd5+ Bxd5 28.f5 Kd6 29.Bd4 Rg8
30.Qxh5 Nc2 31.Bb6 Kc6 32.Qf7 Rc8 33.Qd7+ Kxb6 34.Qxc8 Nd4 35.h3 Nxf5 36.e7 Nxe7
37.Qd8+ Kc6 38.Qxe7 Nxb2 39.Qxg7 Na4 40.h4 c3 41.h5 c2 42.Qg6+  1-0

[Event "Gibraltar Masters TB 2014"]
[Site "Caleta ENG"]
[Date "2014.02.06"]
[Round "1.4"]
[White "Ivanchuk,V"]
[Black "Vitiugov,N"]
[Result "0-1"]
[WhiteElo "2739"]
[BlackElo "2737"]

1.d4 Nf6 2.c4 e6 3.Nf3 Bb4+ 4.Bd2 Bxd2+ 5.Qxd2 d5 6.Nc3 O-O 7.e3 Qe7 8.cxd5 exd5
9.Bd3 c6 10.O-O Nbd7 11.Qc2 Re8 12.Nd2 Nf8 13.Rae1 Bd7 14.b4 Qd6 15.Qb2 Ng6
16.a3 Ng4 17.g3 h5 18.Nb3 b6 19.Qd2 Nf6 20.f3 Bh3 21.Rf2 Re7 22.e4 dxe4 23.fxe4 Ng4
24.e5 Qd8 25.Rfe2 a5 26.bxa5 bxa5 27.Bc4 Kh8 28.Qg5 Nh6 29.Rd2 Rd7 30.Qxd8+ Raxd8
31.Na4 Nf5 32.Nac5 Ra7 33.a4 h4 34.Kf2 Nh6 35.Bd3 Ne7 36.Be4 Bf5 37.Bf3 h3
38.Rc1 Kg8 39.Kg1 Bg4 40.Bh1 Nhf5 41.Kf2 Rb8 42.Rc4 Nh6 43.Be4 Bf5 44.Kf3 Bg4+
45.Kf4 Bc8 46.Rdc2 Ng4 47.Bf3 Nh6 48.Ke3 Nef5+ 49.Kf2 Ne7 50.R2c3 Bf5 51.Rc1 Bg4
52.Re1 Bf5 53.Ke3 Be6 54.Rc3 Bd5 55.Be2 Rb4 56.Rec1  0-1

[Event "Gibraltar Masters TB 2014"]
[Site "Caleta ENG"]
[Date "2014.02.06"]
[Round "1.1"]
[White "Ivanchuk,V"]
[Black "Vitiugov,N"]
[Result "1/2-1/2"]
[WhiteElo "2739"]
[BlackElo "2737"]

1.d4 Nf6 2.c4 e6 3.Nf3 Bb4+ 4.Bd2 Bxd2+ 5.Qxd2 d5 6.Nc3 O-O 7.e3 Qe7 8.cxd5 exd5
9.h3 c6 10.Qc2 Nbd7 11.Bd3 Re8 12.Nd2 Nf8 13.O-O Ng6 14.Rae1 Bd7 15.f4 c5
16.dxc5 Qxc5 17.Nb3 Qb6 18.Nd4 Ne7 19.Qb3 Qd6 20.Ncb5 Bxb5 21.Nxb5 Qd7 22.Nd4 Nc6
23.Qa4 Qd6 24.Nf5 Qc5 25.Qb5 Qxb5 26.Bxb5 Ne4 27.Rc1 g6 28.Nd4 Nxd4 29.exd4 Re7
30.Rfe1 a6 31.Ba4 Rd8 32.Bb3 Kf8 33.Rc2 h5 34.g4 hxg4 35.hxg4 f5 36.g5 Rh7
37.Rec1 Rh4 38.Rc8 Rxc8 39.Rxc8+ Ke7 40.Bxd5 Rxf4 41.Bxb7 Nxg5 42.Rc7+ Kd8
43.Rg7 Rxd4 44.Rxg6 Nh3+ 45.Kf1 Rd2 46.Rxa6 Rxb2 47.Ba8 Nf4  1/2-1/2

[Event "Gibraltar Masters 2014"]
[Site "Caleta ENG"]
[Date "2014.02.06"]
[Round "10.1"]
[White "Ivanchuk,V"]
[Black "Vachier Lagrave,M"]
[Result "1/2-1/2"]
[WhiteElo "2739"]
[BlackElo "2745"]

1.Nf3 Nf6 2.c4 c5 3.g3 g6 4.Bg2 Bg7 5.O-O O-O 6.d4 cxd4 7.Nxd4 Nc6 8.Nc3 Qa5
9.Nb3 Qh5 10.h3 d6 11.g4 Bxg4 12.hxg4 Nxg4 13.Bf4 Be5 14.Qd2 g5 15.Bxe5 Ncxe5
16.Rfc1 f5 17.Nd4 Qh2+ 18.Kf1 Nxf2 19.Kxf2 Ng4+ 20.Kf1 f4 21.Qd3 Qh4 22.Nd1 Ne3+
23.Nxe3 fxe3+ 24.Kg1 Qf2+ 25.Kh1 Qh4+ 26.Kg1 Qf2+ 27.Kh1 Qh4+  1/2-1/2

[Event "49th Capablanca Elite 2014"]
[Site "Havana CUB"]
[Date "2014.05.09"]
[Round "2.1"]
[White "Bruzon Batista,L"]
[Black "Ivanchuk,V"]
[Result "1/2-1/2"]
[WhiteElo "2682"]
[BlackElo "2753"]

1.e4 c5 2.Nf3 d6 3.Bb5+ Bd7 4.Bxd7+ Qxd7 5.c4 Nf6 6.Nc3 e6 7.O-O Be7 8.d4 cxd4
9.Nxd4 O-O 10.Qe2 Nc6 11.Rd1 a6 12.b3 Rac8 13.Bb2 Rfd8 14.Nc2 Qc7 15.Ne3 Qa5
16.f3 Nd7 17.Kh1 Nc5 18.Ncd5 exd5 19.Nxd5 Bg5 20.Bc3 Qa3 21.Bb2 Qa5 22.b4 Nxb4
23.Bc3 Qa4 24.Bxb4 Ne6 25.Rab1 Nf4 26.Nxf4 Bxf4 27.g3 Bg5 28.h4 Be7 29.e5 Re8
30.Bxd6 Bxd6 31.Rxd6 Rxc4 32.Rxb7 Rc2 33.Rd2 Rxd2 34.Qxd2 Rxe5 35.Rb8+ Re8
36.Qd8 Kf8 37.Qd6+ Kg8 38.Qd8 Kf8 39.Qd6+ Kg8 40.Rxe8+ Qxe8 41.Qxa6 h5 42.Kg2 Qd7
43.Qa8+ Kh7 44.Qa5 g6 45.Qc3 Qe6 46.Qc2 Qe5 47.a4 Qa1 48.Qb3 Kg8 49.f4 Kg7
50.Kf2 f6 51.Ke2 Kh6 52.Kd3 Qe1 53.Kd4 Qd2+ 54.Kc4 Qa5 55.Qb4 Qa6+ 56.Kc3 Qc6+
57.Kb3 Qe6+ 58.Qc4 Qb6+ 59.Qb4 Qe6+  1/2-1/2

[Event "49th Capablanca Elite 2014"]
[Site "Havana CUB"]
[Date "2014.05.10"]
[Round "3.3"]
[White "Ivanchuk,V"]
[Black "Almasi,Z"]
[Result "0-1"]
[WhiteElo "2753"]
[BlackElo "2693"]

1.e4 e5 2.Nf3 Nc6 3.d4 exd4 4.Nxd4 Nf6 5.Nxc6 bxc6 6.e5 Qe7 7.Qe2 Nd5 8.c4 Nb6
9.b3 Qe6 10.Bb2 Bb4+ 11.Nd2 O-O 12.O-O-O Qe7 13.Ne4 Re8 14.Nf6+ gxf6 15.Qg4+ Kh8
16.exf6 Qf8 17.Qh4 d5 18.Bd3 Qg8 19.c5 Bxc5 20.Rhe1 Bg4 21.f3 Bd7 22.Re7 Be3+
23.Kb1 c5 24.Qh5 Rxe7 25.fxe7+ Bd4 26.Bxd4+ cxd4 27.Qe5+ Qg7 28.Qxc7 Qf6
29.Re1 Re8 30.Qxa7 Bf5 31.Bxf5 Qxf5+ 32.Kb2 Qg5 33.Kb1 Qg6+ 34.Kb2 Qxg2+  0-1

[Event "49th Capablanca Elite 2014"]
[Site "Havana CUB"]
[Date "2014.05.15"]
[Round "7.1"]
[White "Ivanchuk,V"]
[Black "Bruzon Batista,L"]
[Result "1/2-1/2"]
[WhiteElo "2753"]
[BlackElo "2682"]

1.d4 Nf6 2.c4 e6 3.Nc3 Bb4 4.Nf3 c5 5.g3 Nc6 6.Bg2 Ne4 7.Bd2 Nxd2 8.Qxd2 cxd4
9.Nxd4 O-O 10.O-O Ne5 11.b3 Qa5 12.Rfc1 Ba3 13.Rc2 a6 14.Rd1 Bb4 15.h3 Nc6
16.Qd3 Bc5 17.Nxc6  1/2-1/2

[Event "49th Capablanca Elite 2014"]
[Site "Havana CUB"]
[Date "2014.05.16"]
[Round "8.3"]
[White "Almasi,Z"]
[Black "Ivanchuk,V"]
[Result "1/2-1/2"]
[WhiteElo "2693"]
[BlackElo "2753"]

1.e4 e6 2.d4 d5 3.Nd2 c5 4.Ngf3 Nc6 5.exd5 exd5 6.Bb5 Bd6 7.dxc5 Bxc5 8.O-O Ne7
9.Nb3 Bd6 10.c3 Bg4 11.h3 Bh5 12.Be2 O-O 13.Nfd4 Bg6 14.Re1 Re8 15.Bf1 a6
16.Be3 Ne5 17.Bf4 Nc4 18.Bxd6 Qxd6 19.Qc1 Qb6 20.Bxc4 dxc4 21.Nd2 Bd3 22.N2f3 Ng6
23.Qd2 h6 24.Rxe8+ Rxe8 25.b3 Be4 26.Re1 cxb3 27.axb3 Qd8 28.Re3 Bxf3 29.Rxe8+ Qxe8
30.Nxf3 Qe4 31.Nd4 Nf4 32.f3 Qe5 33.h4 Ng6 34.Qf2 b5 35.g3 a5 36.Kg2 a4 37.Qa2 b4
38.Qxa4 bxc3 39.Qa8+ Nf8 40.Qe4 Qxe4 41.fxe4 Ne6 42.Nc2 Nc5 43.b4 Nxe4 44.Kf3 f5
45.Kf4 Kf7 46.g4 Nd6 47.gxf5 Kf6 48.Ne3 Nxf5 49.Nd5+ Ke6 50.Nxc3 Nxh4 51.b5 Nf5
52.b6 Nd6 53.Ne4 Kd5 54.Ng3 g6 55.Ne4 Kc6 56.Nf6 Kxb6 57.Ng8  1/2-1/2

[Event "9th Edmonton Int 2014"]
[Site "Edmonton CAN"]
[Date "2014.06.23"]
[Round "3.1"]
[White "Ivanchuk,V"]
[Black "Yam,Alex"]
[Result "1-0"]
[WhiteElo "2738"]
[BlackElo "2299"]

1.d4 Nf6 2.Nf3 c5 3.c4 cxd4 4.Nxd4 e5 5.Nb5 d5 6.cxd5 Bc5 7.N5c3 O-O 8.h3 b5
9.a3 e4 10.e3 a6 11.g4 Bb7 12.Bg2 Re8 13.O-O Re5 14.Nd2 Qe7 15.Qc2 Nxd5 16.Ndxe4 Nxc3
17.Nxc3 Bxg2 18.Kxg2 Qb7+ 19.e4 Nd7 20.f3 Rc8 21.Rd1 Nb6 22.Qe2 h5 23.Bf4 Re6
24.Rac1 Be7 25.Be3 hxg4 26.hxg4 Bf6 27.Bd4 Bg5 28.Rc2 Nc4 29.Nd5 Rce8 30.Bf2 g6
31.b3 Nxa3 32.Rc7 Qb8 33.Bd4 f6 34.Rh1 Rc8 35.Rch7  1-0

[Event "SportAccord Rapid 2014"]
[Site "Beijing CHN"]
[Date "2014.12.11"]
[Round "1.3"]
[White "Ivanchuk,V"]
[Black "Bacrot,E"]
[Result "1/2-1/2"]
[WhiteElo "2704"]
[BlackElo "2718"]

1.c4 Nf6 2.Nc3 g6 3.e4 d6 4.g3 Bg7 5.Bg2 c5 6.a3 Nc6 7.Rb1 O-O 8.Nge2 Ne8
9.b4 Nc7 10.b5 Nd4 11.Nxd4 cxd4 12.Ne2 Ne6 13.d3 Nc5 14.O-O f5 15.Nf4 Bd7
16.a4 fxe4 17.dxe4 Rc8 18.Bb2 e5 19.Nd5 Be6 20.Ba3 Bh6 21.h4 Rf7 22.Kh2 Qf8
23.Rb2 Nd7 24.Rc2 Nb6 25.Nxb6 axb6 26.Bh3 Qe7 27.Qd3 Rcf8 28.Bxe6 Qxe6 29.f3 g5
30.hxg5 Bxg5 31.Bc1 Bxc1 32.Rcxc1 Rxf3 33.Rxf3 Qh6+ 34.Kg2 Qxc1 35.Rf5 Qc3
36.Qe2 Rxf5 37.Qg4+ Kh8 38.Qxf5 Qd2+ 39.Kf3 Qd1+ 40.Kf2 Qd2+ 41.Kf3 Qd1+
42.Kf2 Qd2+ 43.Kf3 Qd1+  1/2-1/2

[Event "SportAccord Rapid 2014"]
[Site "Beijing CHN"]
[Date "2014.12.11"]
[Round "3.6"]
[White "Ivanchuk,V"]
[Black "Gelfand,B"]
[Result "1-0"]
[WhiteElo "2704"]
[BlackElo "2743"]

1.e4 c5 2.Nf3 d6 3.d4 cxd4 4.Nxd4 Nf6 5.Nc3 a6 6.Be3 Ng4 7.Bg5 h6 8.Bh4 g5
9.Bg3 Bg7 10.h3 Ne5 11.f3 Nbc6 12.Bf2 Be6 13.h4 Rc8 14.hxg5 hxg5 15.Rxh8+ Bxh8
16.Qd2 Nxd4 17.Bxd4 Qa5 18.a3 Nc4 19.Bxc4 Bxd4 20.Qxd4 Rxc4 21.Qd2 Qc5 22.O-O-O b5
23.Ne2 Qf2 24.b3 Rc5 25.Nd4 Qxd2+ 26.Kxd2 g4 27.Rh1 gxf3 28.gxf3 Kd7 29.Rh8 Rc8
30.Rxc8 Kxc8 31.Nxe6 fxe6 32.f4 Kd7 33.Kc3 Kc6 34.Kd4 a5 35.c3 Kc7 36.c4 Kc6
37.cxb5+ Kxb5 38.f5 exf5 39.exf5 Kc6 40.b4 axb4 41.axb4 Kb5  1-0

[Event "SportAccord Rapid 2014"]
[Site "Beijing CHN"]
[Date "2014.12.11"]
[Round "4.5"]
[White "Harikrishna,P"]
[Black "Ivanchuk,V"]
[Result "1/2-1/2"]
[WhiteElo "2727"]
[BlackElo "2704"]

1.d4 f5 2.Bg5 h6 3.Bh4 g5 4.e3 Nf6 5.Be2 d6 6.Bh5+ Kd7 7.Bg3 Nxh5 8.Qxh5 Qe8
9.Qe2 Kd8 10.Nc3 Nd7 11.h4 g4 12.e4 fxe4 13.Nxe4 Nf6 14.Nxf6 exf6 15.O-O-O h5
16.Qxe8+ Kxe8 17.Ne2 Kf7 18.d5 Bh6+ 19.Bf4 Re8 20.Bxh6 Rxe2 21.Rd2 Re7 22.g3 Bf5
23.Be3 Rae8 24.Rd4 Re4 25.Rhd1 b6 26.Rxe4 Rxe4 27.b3 Ke7 28.Rd4 Rxd4 29.Bxd4 Be4
30.c4 a5 31.Kd2 Bb1 32.Kc1 Be4 33.Kd2 Bb1  1/2-1/2

[Event "SportAccord Blitz 2014"]
[Site "Beijing CHN"]
[Date "2014.12.13"]
[Round "1.8"]
[White "Ivanchuk,V"]
[Black "Nepomniachtchi,I"]
[Result "1-0"]
[WhiteElo "2704"]
[BlackElo "2714"]

1.e4 e6 2.Nf3 d5 3.exd5 exd5 4.d4 Nc6 5.h3 Be6 6.Bd3 Qd7 7.O-O O-O-O 8.Nbd2 f6
9.Nb3 g5 10.Re1 g4 11.Nh4 Kb8 12.Qe2 Bf7 13.Bf5 Qd6 14.Bxg4 Nge7 15.c3 h5
16.Be6 Bg6 17.Nc5 b6 18.Nxg6 Nxg6 19.Qb5 Nh4 20.Kf1 Rh7 21.g3 Ng6 22.Bf5 Nce7
23.Bxg6 Nxg6 24.Re6  1-0

[Event "SportAccord Blitz 2014"]
[Site "Beijing CHN"]
[Date "2014.12.13"]
[Round "4.8"]
[White "Vachier Lagrave,M"]
[Black "Ivanchuk,V"]
[Result "1/2-1/2"]
[WhiteElo "2758"]
[BlackElo "2704"]

1.d4 e6 2.e4 d5 3.Nc3 Bb4 4.exd5 exd5 5.Bd3 Nc6 6.Ne2 Nge7 7.a3 Bxc3+ 8.Nxc3 Bf5
9.Be2 O-O 10.O-O Qd6 11.Bf3 Rad8 12.Bg5 Qg6 13.Bxe7 Nxe7 14.Re1 Qf6 15.Qd2 c6
16.Ne2 Nc8 17.Ng3 Nd6 18.b3 Rfe8 19.c3 Bg6 20.a4 h6 21.h3 Qg5 22.Qb2 Nf5
23.Nxf5 Bxf5 24.Rxe8+ Rxe8 25.Qc1 Qg6 26.Kh2 Qd6+ 27.Kg1 Qg6 28.Kh2 Bc2 29.a5 Be4
30.Bxe4 Rxe4 31.Qd2 Qe6 32.Qd3 Re2 33.Qg3 Kh7 34.Rf1 Qe7 35.Qd3+ g6 36.Qf3 a6
37.b4 h5 38.Rd1 Kg7 39.Rd3 Re4 40.Re3 Rxe3 41.fxe3 Qd6+ 42.Qf4 Qxf4+ 43.exf4 h4
44.g4 hxg3+ 45.Kxg3 Kh6 46.Kg4 f6 47.f5 g5 48.h4 gxh4 49.Kxh4 Kh7 50.Kg4  1/2-1/2

[Event "SportAccord Blitz 2014"]
[Site "Beijing CHN"]
[Date "2014.12.13"]
[Round "6.4"]
[White "Leko,P"]
[Black "Ivanchuk,V"]
[Result "1/2-1/2"]
[WhiteElo "2723"]
[BlackElo "2704"]

1.e4 Nf6 2.e5 Nd5 3.d4 d6 4.c4 Nb6 5.exd6 exd6 6.Nc3 Be7 7.Bd3 c6 8.Nge2 Na6
9.b3 d5 10.c5 Nd7 11.a3 Nc7 12.b4 O-O 13.O-O Re8 14.Re1 Nf8 15.h3 Bg5 16.Bxg5 Qxg5
17.Qc1 Qf6 18.Qf4 Qxf4 19.Nxf4 Bd7 20.Rxe8 Rxe8 21.f3 Nce6 22.Nfe2 Ng6 23.Kf2 Ngf4
24.Bc2 g5 25.Re1 Nxe2 26.Nxe2 Ng7 27.g4 h5 28.Ng3 Rxe1 29.Kxe1 h4 30.Ne2 Kf8
31.Kf2 Ke7 32.Ke3 f6 33.Bd3 Ne6 34.Bf5 Ng7 35.Bd3 Ne6 36.Bf5 Ng7  1/2-1/2

[Event "SportAccord Blitz 2014"]
[Site "Beijing CHN"]
[Date "2014.12.13"]
[Round "7.4"]
[White "Ivanchuk,V"]
[Black "Aronian,L"]
[Result "1-0"]
[WhiteElo "2704"]
[BlackElo "2797"]

1.e4 e5 2.Nf3 Nc6 3.Bb5 Nf6 4.d3 Bd6 5.c3 a6 6.Ba4 O-O 7.Nbd2 b5 8.Bc2 Re8
9.Nf1 Bf8 10.Bg5 h6 11.Bh4 g5 12.Bg3 d5 13.N3d2 d4 14.Nb3 a5 15.a3 Be6 16.h4 dxc3
17.bxc3 b4 18.hxg5 hxg5 19.axb4 axb4 20.Rxa8 Qxa8 21.c4 Rd8 22.Ne3 Bg7 23.Nd5 Qa3
24.Qd2 Qb2 25.Ke2 Bxd5 26.cxd5 Nd4+ 27.Nxd4 Qxd4 28.Qxg5 Qb2 29.Qc1 Qc3 30.Qd2 Nd7
31.Rb1 Qxd2+ 32.Kxd2 Bf8 33.f4 Bh6 34.Ke2 exf4 35.Be1 Bf8 36.Bxb4 Bxb4 37.Rxb4 Ne5
38.d4 Ng4 39.Kf3 Ne3 40.Bd3 Ra8 41.Kxf4 Nxg2+ 42.Ke5 Re8+ 43.Kf6 Nf4 44.Bb1 Nh5+
45.Kg5 Ng3 46.Kf4 Ne2+ 47.Kf3 Nc3 48.Bd3 f5 49.exf5 Nxd5 50.Bc4 Rd8 51.Rb5 c6
52.Rc5 Kf8 53.Rxc6 Nb4 54.Rf6+ Ke7 55.Re6+ Kf8 56.Ke4 Rc8 57.Bb5 Rc1 58.Ke5 Re1+
59.Kd6 Rd1 60.Kc5 Nc2 61.Ba4 Rc1 62.Bxc2 Rxc2+ 63.Kd6 Rf2 64.d5 Rxf5 65.Kc6 Kf7
66.Re1 Rf2 67.d6 Rc2+ 68.Kd7 Ra2 69.Rf1+ Kg7 70.Ke8  1-0

[Event "SportAccord Blitz 2014"]
[Site "Beijing CHN"]
[Date "2014.12.13"]
[Round "8.3"]
[White "Gelfand,B"]
[Black "Ivanchuk,V"]
[Result "0-1"]
[WhiteElo "2743"]
[BlackElo "2704"]

1.d4 Nf6 2.c4 e6 3.Nf3 Bb4+ 4.Nbd2 a5 5.a3 Be7 6.e4 d5 7.e5 Nfd7 8.Bd3 c5
9.O-O Nc6 10.Re1 cxd4 11.cxd5 Nc5 12.Bb5 Qxd5 13.Nc4 O-O 14.Nb6 Qb3 15.Qxb3 Nxb3
16.Rb1 Rb8 17.Bf4 Rd8 18.Rbd1 Bd7 19.Bc4 Nc5 20.Nxd4 Nxd4 21.Rxd4 Bc6 22.Be3 Rxd4
23.Bxd4 Rd8 24.Be3 Nd3 25.Bxd3 Rxd3 26.Nc4 a4 27.f3 Bd5 28.Nd6 f6 29.Nc8 Bf8
30.exf6 gxf6 31.Nb6 Bb3 32.Kf2 e5 33.Rc1 Rxe3 34.Nd7 Rd3 35.Nxf6+ Kf7 36.Ne4 Rd7
37.h4 Bd5 38.Ng5+ Kg6 39.Rd1 Bc5+ 40.Kg3 Bd4  0-1

[Event "SportAccord Blitz 2014"]
[Site "Beijing CHN"]
[Date "2014.12.13"]
[Round "10.2"]
[White "Dominguez Perez,L"]
[Black "Ivanchuk,V"]
[Result "1/2-1/2"]
[WhiteElo "2726"]
[BlackElo "2704"]

1.e4 e6 2.d4 d5 3.Nd2 c5 4.Ngf3 Nf6 5.e5 Ne4 6.c3 Nc6 7.Bd3 Nxd2 8.Bxd2 Qb6
9.O-O c4 10.Bc2 Qxb2 11.Rb1 Qxa2 12.Ng5 h6 13.Ra1 Qb2 14.Rb1 Qa3 15.Qh5 Nd8
16.f4 g6 17.Bxg6 fxg6 18.Qxg6+ Kd7 19.Nxe6 Nxe6 20.f5 Kc7 21.fxe6 Be7 22.Rf7 a5
23.Bc1 Qxc3 24.Rxe7+ Kc6 25.Rf7 Qxd4+ 26.Rf2 Kc7 27.Qg7+ Kc6 28.Bb2 Qd3 29.Rbf1 Bxe6
30.Qe7 Rhe8 31.Qd6+ Kb5 32.Ba3 c3 33.Bc5 Ra6 34.Qc7 Rc6 35.Qxb7+ Kxc5 36.Qa7+ Kb4
37.Ra1 Ra6 38.Rf4+ Kb5 39.Qb7+ Kc5 40.Qc7+ Kb5 41.Qb7+ Kc5 42.Qc7+ Kb5 43.Qb7+ Kc5  1/2-1/2